Le psychologue du travail: (Record no. 56482)
[ view plain ]
| 000 -LEADER | |
|---|---|
| fixed length control field | 00679nam a22002057a 4500 |
| 005 - DATE AND TIME OF LATEST TRANSACTION | |
| control field | 20210518154802.0 |
| 007 - PHYSICAL DESCRIPTION FIXED FIELD--GENERAL INFORMATION | |
| fixed length control field | 00 |
| 008 - FIXED-LENGTH DATA ELEMENTS--GENERAL INFORMATION | |
| fixed length control field | 170710b xxu||||| |||| 00| 0 eng d |
| 020 ## - INTERNATIONAL STANDARD BOOK NUMBER | |
| International Standard Book Number | 978-2-296-12270-3 |
| 100 ## - MAIN ENTRY--PERSONAL NAME | |
| Personal name | Lemonnier, Michel |
| 245 ## - TITLE STATEMENT | |
| Title | Le psychologue du travail: |
| Remainder of title | Un agent du changement dans la société |
| Statement of responsibility, etc | / par Michel Lemonnier; préf. d'Alexandre Dorna |
| 260 ## - PUBLICATION, DISTRIBUTION, ETC. (IMPRINT) | |
| Place of publication, distribution, etc | Paris : |
| Name of publisher, distributor, etc | L'harmattan, |
| Date of publication, distribution, etc | 2010 |
| 300 ## - PHYSICAL DESCRIPTION | |
| Extent | 255 p. |
| Other physical details | Couv. en coul. ; |
| Dimensions | 22 cm |
| 440 ## - SERIES STATEMENT/ADDED ENTRY--TITLE | |
| Title | (Psycho logiques) |
| 500 ## - GENERAL NOTE | |
| General note | Bibliogr. pp. (251-255) |
| 630 ## - SUBJECT ADDED ENTRY--UNIFORM TITLE | |
| Uniform title | PHILOSOPHIE-PSYCHOLOGIE |
| 650 ## - SUBJECT ADDED ENTRY--TOPICAL TERM | |
| Topical term or geographic name as entry element | PSYCHOLOGIE |
| 651 ## - SUBJECT ADDED ENTRY--GEOGRAPHIC NAME | |
| Geographic name | Travail : Psychologie |
| 942 ## - ADDED ENTRY ELEMENTS (KOHA) | |
| Item type | Libre Accès |
| Source of classification or shelving scheme | Dewey Decimal Classification |
| Withdrawn status | Lost status | Damaged status | Not for loan | Location (home branch) | Sublocation or collection (holding branch) | Shelving location | Date acquired | Source of acquisition | Coded location qualifier | Koha issues (times borrowed) | Koha full call number | Piece designation (barcode) | Koha date last seen | Copy number | Price effective from | Koha item type | Source of classification or shelving scheme |
|---|---|---|---|---|---|---|---|---|---|---|---|---|---|---|---|---|---|
| Bibliothèque Universitaire Centrale | Bibliothèque Universitaire Centrale | 10/07/2017 | Don ARES | 17/111 | 159.9:331 LEM | 17-111Buc | 10/07/2017 | 1 | 10/07/2017 | Libre Accès | |||||||
| Bibliothèque Universitaire Centrale | Bibliothèque Universitaire Centrale | 18/05/2021 | DON ARES | 21/0116 | 159.9 :331 LEM | 21-0116Buc | 18/05/2021 | 2 | 18/05/2021 | Libre Accès | Dewey Decimal Classification |